Language Quiz

Random Language or Letter Quiz

Greek Alphabet Backwards Quiz Stats

 Plays Quiz Updated May 17, 2019

Score 0/24 Timer 01:30
0 Plays Today
Letter % Correct
Omega
97.7%
Psi
83.3%
Chi
81%
Phi
79.9%
Upsilon
78%
Sigma
77.7%
Tau
77.7%
Pi
77.5%
Rho
77.5%
Mu
76%
Nu
75.7%
Beta
75.4%
Letter % Correct
Alpha
75.3%
Delta
74.9%
Omicron
74.6%
Gamma
74.1%
Epsilon
73.2%
Kappa
73.1%
Lambda
73%
Iota
71.3%
Xi
70.8%
Eta
69.5%
Theta
69%
Zeta
68%

You're not logged in!

Compare scores with friends on all Sporcle quizzes.
OR
Log In

Sporcle TV

Today on Sporcle TV


Watch our educational content, quiz creation guides, and fun videos on Sporcle TV.

Show Comments

Extras

Top Quizzes Today


Score Distribution

Your Account Isn't Verified!

In order to create a playlist on Sporcle, you need to verify the email address you used during registration. Go to your Sporcle Settings to finish the process.

Report this User

Report this user for behavior that violates our Community Guidelines.

Details: